Költözik a könyvtár
Elmentve itt :
| Dokumentumtípus: | Cikk |
|---|---|
| Megjelent: |
2003-11-05
|
| Sorozat: | Népszabadság
|
| Kulcsszavak: | Egyetemi Könyvtár költözése |
| Online Access: | http://univ.bibl.u-szeged.hu/22068 |
| LEADER | 00416nab a2200145 i 4500 | ||
|---|---|---|---|
| 001 | univ22068 | ||
| 005 | 20171214104544.0 | ||
| 008 | 171214s2003 hu o 0|| zxx d | ||
| 040 | |a SZTE UnivHistória Repozitórium |b hun | ||
| 041 | |a zxx | ||
| 245 | 0 | 0 | |a Költözik a könyvtár |h [elektronikus dokumentum] |
| 260 | |c 2003-11-05 | ||
| 490 | 0 | |a Népszabadság | |
| 561 | |a Egyetemi hirarchívum | ||
| 695 | |a Egyetemi Könyvtár költözése | ||